[Event "Rubinstein Memorial 36th"]
[Site "Polanica Zdroj"]
[Date "1999.08.26"]
[Round "9"]
[White "Gurevich, Mikhail"]
[Black "Bunzmann, Dimitrij"]
[Result "1-0"]
[WhiteElo "2643"]
[BlackElo "2596"]
[Annotator "Ribli,Z"]
[PlyCount "63"]
[EventDate "1999.08.17"]
[EventType "tourn"]
[EventRounds "9"]
[EventCountry "POL"]
[EventCategory "15"]
[SourceTitle "CBM 073"]
[Source "ChessBase"]
[SourceDate "1999.12.01"]
[SourceVersion "1"]
[SourceVersionDate "1999.12.01"]
[SourceQuality "1"]

{[%mdl 40]} 1. c4 {Gurevich,M} b6 2. g3 {Dieser Zug ist auf den ersten Blick
nicht logisch, denn Schwarz kann zuerst die Diagonale besetzen. Aber Weiss
verfolgt damit eigene Ideen. Ribli.} Bb7 3. Nf3 Bxf3 {Das ist die prinzipielle
Fortsetzung, aber meines Erachtens wären 3...c5 oder 3...Nf6 keineswegs
schlechter.} 4. exf3 c5 {Schwarz muss so spielen, sonst kann Weiss 5.d4 mit
besseren Aussichten ziehen.} 5. d4 cxd4 6. Qxd4 Nc6 7. Qd1 {Die Bauernstruktur
erinnert mich an die Variante 1.c4 c5 2.Nf3 Nc6 3.Nc3 Nd4 4.g3 Nxf3 5.exf3 b6
6.d4 cxd4 7.Qxd4. Dort hat Weiss wie in unserer Partiestellung Doppelbauern
auf f2 und f3, aber auf den e-und d-Linien hat er spürbaren Druck.} (7. Qd2 {
Gurevich,M} e6 8. Nc3 Rc8 9. Be2 Na5 10. b3 Bb4 11. Bb2 Nf6 12. O-O O-O 13. Qd3
{1-0 Bukal,V-Bunzmann,D/Paks 1998/EXT 99 (38)} d5 $5 $132) 7... e6 (7... g6 8.
Nc3 (8. Bd2 Bg7 9. Bc3 Nf6 10. Nd2 O-O 11. Rc1 Rc8 12. Bh3 e6 13. O-O Qe7 14.
Qa4 Rfd8 15. Rfd1 d6 16. f4 Nd7 17. Bxg7 Kxg7 18. Qa3 Nf6 19. b3 d5 20. Qb2 Nb4
21. Bf1 dxc4 22. Nxc4 Rxd1 23. Rxd1 Rd8 24. Rxd8 Qxd8 25. Ne3 Nc6 26. Qc3 Nd4
27. Nc2 Nxc2 28. Qxc2 Qd4 {1/2-1/2 Smith,D-Finegold,B/Chicago 1994/EXT 97 (56)}
) (8. Be3 Bg7 9. Qd2 h5 10. Be2 Nh6 11. g4 Qc8 12. Rg1 hxg4 13. fxg4 Ng8 $1 14.
Nc3 Ne5 15. Bd4 Rxh2 16. Qe3 d6 17. f4 Nxc4 18. Bxc4 Qxc4 19. Bxg7 f6 20. O-O-O
Rc8 21. g5 Qxa2 22. Rd2 Rxd2 23. Qxd2 Qa1+ 24. Kc2 Qxg1 {0-1 Claesen,P-Bologan,
V/Erevan 1996/EXT 97 (33)}) 8... Bg7 9. Be3 h5 10. Be2 $5 (10. Rc1 Rc8 (10...
Qc8 $5) 11. Be2 Nh6 12. g4 Qc7 13. h3 h4 14. f4 f5 15. Bf3 Qb8 16. Qd2 Na5 17.
b3 Nb7 18. Rg1 fxg4 19. Qd3 Qd6 20. Qxd6 Nxd6 21. hxg4 {1-0 Claesen,P-Groffen,
H/Antwerp 1998/EXT 99 (32)}) 10... Nh6 11. g4 Rc8 (11... Qc8 $5) 12. h3 Ng8 13.
Qd2 hxg4 14. fxg4 Nf6 15. O-O-O $1 $14 d6 16. Kb1 Nd7 17. h4 Nf6 18. h5 Ne5 19.
h6 Bf8 20. g5 Nfd7 21. Qd4 Rh7 22. f4 Nc6 23. Qe4 e6 24. Nb5 Nc5 25. Bxc5 bxc5
26. Bh5 Qd7 27. Rhe1 Nd8 28. Bxg6 fxg6 29. Qxg6+ Qf7 30. f5 $16 {1/2-1/2 McNab,
C-Martin,A/Edinburgh 1988/TD (61)}) 8. Bg2 {[%cal Gg2a8]} Rc8 {[%cal Gc8c4]} (
8... Bb4+ 9. Bd2 (9. Nd2 $5 {Dieser Zug scheint mir viel chancenreicher als
die Partiefortsetzung.}) 9... Nf6 10. O-O O-O 11. f4 Bxd2 12. Qxd2 Rc8 13. Nc3
Ne7 14. b3 Nf5 15. Rfd1 Qe7 16. Nb5 d5 17. cxd5 exd5 18. Qd3 Ne4 19. Bh3 Qc5
20. Nd4 Nxd4 21. Qxd4 Nc3 {[#]. 0-1 Kraschl,J-Lempert,I/Werfen 1994/EXT 98 (59)
}) 9. O-O {'!?' Gurevich,M.} (9. Nd2 Ne5 10. Qe2 Be7 $13 {Ribli,Z-Gutman,L/
BL8788 /GER-chT}) 9... Na5 {Gurevich,M: '[#]'} 10. b3 $1 {Gurevich,M: 'TN'
Dieser Zug ist stark und natürlich. Die Pointe ist, dass 10...Qf6 für Weiss
nicht gefährlich wäre.} (10. Nc3 Nxc4 11. b3 Qf6 12. bxc4 Qxc3 13. Be3 Bc5 14.
Rc1 Qa3 15. Bd2 Nf6 16. Bc3 Be7 17. Rc2 Qa4 18. Rd2 Rxc4 19. Bxf6 Bxf6 20. f4
Qxd1 21. Rfxd1 d5 22. f5 Kd7 23. Re2 Kd6 24. f4 Rhc8 25. fxe6 Rc1 26. Rxc1
Rxc1+ 27. Kf2 fxe6 $19 {1/2-1/2 Corvi,M-Di Lazzaro,G/Toscolano 1996/EXT 98 (66)
}) 10... b5 {'!' Gurevich,M.} (10... Qf6 {[%cal Rf6a1]} 11. Qc2 Qxa1 (11...
Nxc4 12. bxc4 Qxa1 13. Nc3 Rxc4 14. Bd2 $16) 12. Nc3 {[%csl Ra1] Im folgenden
spielt Weiss 13.Bb2 oder 13.Bd2 und gewinnt die Dame mit besserer Stellung,
denn das Läuferpaar macht sich früher oder später bemerkbar.} (12. Nc3 {
Gurevich,M} Bb4 (12... Nf6 13. Bf4 Qxf1+ 14. Bxf1 Be7 15. Nb5 Nc6 16. Nd6+ $36)
13. Bd2 $1 (13. Bb2 Qxf1+ 14. Bxf1 Nf6 15. Ne4 $5 Nxe4 16. fxe4 O-O 17. a3 Be7
18. Qc3 $13) 13... Qxf1+ 14. Bxf1 {/\15.Nb5|^})) 11. Nd2 (11. cxb5 $2 Qf6 $19 (
11... Qf6 {Gurevich,M} 12. Nc3 {[ !?; Bunzmann]} Bb4 $1 (12... Qxc3 13. Bd2 $36
) (12... Rxc3 13. Bb2 $36) 13. Bb2 Bxc3 14. Rc1 d5 $1 {/\15...d4} (14... Ne7
15. Rxc3 $1 Rxc3 16. Qa1 $1 Nd5 17. f4 $16) 15. b4 $5 (15. Bxc3 Rxc3 16. Qd2 d4
(16... Rxc1 17. Rxc1 Nb7 18. Rc7 Nd6 $17) 17. Rxc3 dxc3 18. Qe3 Nb7) 15... Nb7
16. Qa4 $13)) 11... bxc4 12. Nxc4 Nxc4 13. bxc4 {Die Bauernstruktur wäre viel
besser für Schwarz, aber es gibt andere Faktoren: Weiss ist besser entwicklet
und besitzt das Läuferpaar.} Rxc4 {'?!' Gurevich,M. Schwarz nimmt den Bauern.
Das ist sehr riskant und ich glaube, es wäre besser, die Entwicklung
fortzusetzen.} (13... Bc5 $142 $5 {[%csl Gc5]}) (13... Bc5 {Gurevich,M} 14. Bb2
Nf6 15. f4 O-O 16. Qd3 $14 {/\ 17.f5}) 14. Be3 $44 Nf6 {Schwarz möchte endlich
die Entwicklung seines Königsflügels beenden.} (14... Qc7 15. f4 $44 {[%csl
Ge3,Gg2]} (15. Qb3 {Gurevich,M /\16.Rfc1->})) (14... a5 15. f4 $44 (15. Qb3 Rb4
)) (14... Bc5 15. Bxc5 (15. Qb3 d5 16. Qb5+ Qd7) 15... Rxc5 16. Qd4 $36 {
[%cal Rd4g7,Rd4c5]}) 15. Bxa7 (15. Qd3 $1 {Gurevich,M} Rc7 (15... d5 16. Rfc1
Qc7 (16... Rxc1+ 17. Rxc1 Be7 18. Qb5+ $36 Qd7 19. Qb8+ Bd8 20. Bf1 $1 O-O 21.
Bb5 $16) 17. Bf1 $16) 16. Rfc1 Be7 17. Rxc7 Qxc7 18. Rc1 $36) 15... Be7 {
Die Stellung ist materiell gleich. Weiss hat das Läuferpaar und den entfernten
Freibauern in der a-Linie. Anderseits hat Schwarz eine starke Bauernmasse im
Zentrum.} (15... Bc5 $1 {Gurevich,M} 16. Qb3 Qc7 $1 (16... Rb4 17. Qc3 $16) 17.
Bxc5 (17. Qxc4 Bxf2+ 18. Bxf2 Qxc4 19. Rfc1 Qa6) 17... Rxc5 18. a4 O-O 19. Rfb1
d5 $13) 16. Qb3 {'!' Gurevich,M.} Rb4 $6 (16... d5 $142 $5 17. Rfc1) 17. Qc2
$14 {[%csl Ga2]} O-O 18. a3 {'+/=!' Gurevich,M.} Rb5 $6 {Schwarz provoziert
den Vormarsch des a-Bauern, aber das hilft nur dem Gegner.} (18... Rb7 19. Bd4
$14) 19. a4 Ra5 20. Bd4 {[%cal Gd4c3,Gc3a5]} Nd5 {'!' Gurevich,M. Gurevich,M:
'[/\21...Bf6]' Schwarz verhindert den Zug 21.Bc3 und alles scheint in Ordnung,
denn er blockiert den a-Bauern.} 21. f4 Qc8 {'?!' Gurevich,M.} (21... Bf6 $142
22. Rfd1 $14 (22. Rfd1 {Gurevich,M} Bxd4 23. Rxd4 $14) (22. Bxf6 Qxf6 23. Bxd5
exd5 24. Qc7 Qd8 $11)) 22. Qb2 {[%csl Rg7][%cal Rb2g7]} Qa8 $6 {Gurevich,M: '[/
\23...Rxa4;23...Rb8]'} (22... Bf6 23. Rfc1 $14) (22... Bf6 {Gurevich,M}) 23.
Rfb1 $1 {Weiss hat ausgezeichnete Figurenkoordination. Die Läufer stehen aktiv
in den langen Diagonalen und auch die b-Linie ist in weisser Hand.} (23. Bxg7
$6 Rb8 24. Qd4 (24. Bxd5 Rxd5 25. Qc3 Rc8 $11) 24... Rb4 25. Bxd5 Rxd4 (25...
exd5 26. Qe5 Re4 27. Qb2 Rb4 $11) 26. Bxa8 Kxg7 $11) 23... Bd6 $2 {Gurevich,M:
'/\24...Rb8' Schwarz ist optimistisch, verteidigt sich nicht gegen Bxg7,
sondern bereitet Rb8 vor.} (23... f6 $142 $14) (23... Bf6 $2 24. Bxf6 gxf6 25.
Bxd5 Qxd5 26. Qxf6 $16) (23... Rxa4 {Gurevich,M} 24. Bxd5 exd5 25. Bxg7 $16) (
23... f6 {Gurevich,M} 24. Qb3 $14) 24. Bxd5 $16 {'!' Gurevich,M.} (24. Bxg7 $6
Rb8 25. Qd4 Rxb1+ 26. Rxb1 Rxa4 27. Bxd5 $8 Rxd4 28. Bxa8 Kxg7 $11) 24... Rxd5
(24... Qxd5 25. Bxg7 (25. Bb6 Rb8) 25... Rb8 26. Qf6 $16 (26. Qc3 $16 {
Gurevich,M})) 25. Bxg7 {'+/-' Gurevich,M. Schwarz ist ohne Kompensation für
den weissen Mehrbauern.} Rb8 26. Qf6 Rxb1+ 27. Rxb1 {[%csl Ga4]} Bc5 {[%cal
Rc5d4,Rd4g7]} (27... Qxa4 $2 28. Bh6 Rd1+ 29. Kg2 $18 {'+-!' Gurevich,M.}) 28.
Qc3 (28. Bh6 Bd4 29. Qe7) 28... Qa7 29. Bh6 $18 {[%cal Rc3g7,Rg7g8] '+-!'
Gurevich,M.} f6 (29... Bf8 30. Qc8 {[%csl Rf8][%cal Rc8g8]} Qc5 31. Qxc5 Rxc5
32. Rb8 $18) (29... Bxf2+ 30. Kg2 $18 {[%cal Rc3g7,Rg7g8,Rc3c8,Rc8g8] Schwarz
kann nicht die verschiedene. Mattdrohungen parieren.}) 30. Qxf6 Bxf2+ 31. Kg2 {
Schwarz wird Matt, denn es droht 32.Qf8# und32. Qg7#.} Bd4 32. Qf8# 1-0

[Event "Gausdal Int"]
[Site "Gausdal"]
[Date "1991.??.??"]
[Round "2"]
[White "Ostenstad, Berge"]
[Black "Kengis, Edvins"]
[Result "0-1"]
[WhiteElo "2475"]
[BlackElo "2575"]
[Annotator "Ribli,Z"]
[PlyCount "76"]
[EventDate "1991.08.??"]
[EventType "swiss"]
[EventRounds "9"]
[EventCountry "NOR"]
[SourceTitle "CBM 025"]
[Source "ChessBase"]
[SourceDate "1991.12.01"]
[SourceVersion "1"]
[SourceVersionDate "1991.12.01"]
[SourceQuality "1"]

1. Nf3 b6 2. c4 Bb7 3. Nc3 e6 4. e4 Bb4 5. Bd3 (5. Qb3 $5 Bxc3 (5... c5 $6 6.
Nb5 d6 7. Qd3 d5 8. e5 dxc4 9. Qxd8+ Kxd8 10. Ng5 $1 Ke7 11. a3 Ba5 12. Nxf7
Kxf7 13. Nd6+ Ke7 14. Nxb7 Nc6 15. Bxc4 Nxe5 16. Ba6 Nf6 17. b3 Nc6 18. Rb1 Nd5
19. Nxa5 Nxa5 20. b4 Nc7 21. Be2 Nb7 22. Bb2 Rhg8 23. Be5 Rac8 24. O-O g6 25.
Rfe1 Rgd8 26. Rb2 Kf7 27. h4 $16 {Csom-Keene Dortmund 1977 23/23}) 6. Qxc3 Bxe4
7. Qxg7 Qf6 8. Qxf6 Nxf6 9. Be2 Rg8 10. d3 Bb7 11. Rg1 Nc6 12. Bd2 d6 13. Bc3
Ng4 14. h3 Nge5 15. O-O-O $14 {Smejkal-Miles Reykjavik 1978 25/16}) 5... Ne7 6.
a3 (6. O-O O-O 7. Re1 f5 8. e5 $2 (8. a3 $5) 8... Ng6 9. Bf1 Bxf3 10. Qxf3 Nc6
$1 $17 {Huebner-Miles Bad Lauterberg 1977 23/22}) 6... Bxc3 7. dxc3 d6 8. O-O
Nd7 9. b4 O-O 10. Re1 Ng6 11. Bg5 Qe8 12. Nd4 h6 13. Bc1 Nf6 14. f3 Rd8 15. Bf1
c5 16. Nc2 Qc6 17. Ne3 d5 18. cxd5 exd5 19. exd5 Nxd5 20. Nxd5 Rxd5 21. Qc2 Qf6
22. Be3 Rh5 23. bxc5 Qe5 24. h3 bxc5 25. Qf2 Nf4 26. Bxf4 Qxf4 27. Re7 $2 (27.
Rad1 $1) 27... Rxh3 $1 28. Be2 Ba8 29. Rxa7 Rh5 30. g3 Qd2 31. Rd1 Qxc3 32. a4
Bc6 33. a5 Re8 34. Rc7 Qc2 35. Re1 Bb5 $1 36. Bxb5 Rxe1+ 37. Qxe1 Qh2+ 38. Kf1
Qh1+ 0-1

[Event "Steinitz Memorial-A 1st"]
[Site "Prague"]
[Date "2000.12.30"]
[Round "5"]
[White "Vokac, Marek"]
[Black "Chernyshov, Konstantin"]
[Result "0-1"]
[WhiteElo "2523"]
[BlackElo "2536"]
[Annotator "Ribli,Z"]
[PlyCount "118"]
[EventDate "2000.12.26"]
[EventType "tourn"]
[EventRounds "9"]
[EventCountry "CZE"]
[EventCategory "8"]
[SourceTitle "CBM 081"]
[Source "ChessBase"]
[SourceDate "2001.03.20"]
[SourceVersion "1"]
[SourceVersionDate "2001.03.20"]
[SourceQuality "1"]

1. c4 b6 {Der russische Großmeister spielt gerne diese Nebenvariante.} 2. Nc3
Bb7 3. e4 (3. d4 e6 4. a3 {Das ist die prinzipielle Alternative für Weiß. Die
Feßlung durch Bb4 ist unterbunden, und in einigen Varianten kann sich Weiß
durch d4-d5 großen Raumvorteil verschaffen.}) 3... e6 4. Nf3 (4. d4 Bb4 5. Bd3
(5. f3)) 4... Bb4 5. Bd3 {Eine auf den ersten Blick unnatürlich erscheinende
Fortsetzung - doch Weiß verteidigt so den Pe4, und im Falle von Bxc3 dxc3
steht der Bd3 nicht mehr schlecht.} (5. d3) (5. Qb3 f5 6. g3) 5... Ne7 (5...
Nf6) 6. O-O O-O 7. Re1 {Das ist die Verbesserung von Weiß. In einer früherem
Aufeinandertreffen der beiden Kontrahenten spielte Weiß sofort den Zug a3.} (7.
a3 Bxc3 8. dxc3 Ng6 9. Nd4 d6 10. Re1 Nd7 11. Bf1 Qe7 12. f3 Rfd8 13. Be3 c5
14. Nc2 Nf6 15. Bf2 Bc6 16. Ne3 Qb7 17. b4 Qd7 18. b5 Bb7 19. Qb3 a6 {1/2-1/2
Vokac,M-Chernyshov,K/CZE 2000/The Week in Chess 323 (19)}) (7. Bc2) 7... Ng6 {
Mit dieser Fortsetzung verbessert Schwarz die Stellung seines Springers 
(anschließend kann der Springer z.B. nach f4 ziehen). Aber auch das sofortige
8...f5!? kommt stark in Betracht.} (7... f5 $5 8. exf5 Nxf5 9. Ne4 Nc6 10. b3
Be7 11. Bb2 Nb4 12. Bf1 Nd6 13. d3 Qe8 14. a3 Nc6 15. b4 a6 16. g3 Nxe4 17.
dxe4 Qf7 18. Bg2 d6 19. Rf1 e5 20. Qd3 {0-1 Ibragimov,I-Bunzmann,D/Fuerth 2000/
EXT 2001 (44)}) 8. a3 {Meines Erachtens sollte Weiß mit diesem Zug noch warten.
Es scheint, dass 8.Bc2 nebst d2-d4 vorzuziehen ist.} (8. Bc2 Nc6 9. d4 Na5 10.
Bd3 Ba6 11. Qe2 c5 12. d5 Bxc3 13. bxc3 e5 14. Bg5 f6 15. Be3 d6 16. g3 Qd7 17.
Nd2 Rae8 18. a4 Bc8 19. f3 Qe7 20. Rf1 Bh3 21. Rf2 Qd7 22. Kh1 f5 {1/2-1/2
Ftacnik,L-Speelman,J/Batumi 1999/CBM 74 (41)}) 8... Bxc3 (8... Be7 9. Bc2 c5
10. d4 cxd4 11. Nxd4 Qc7 12. b3 a6 13. Bb2 d6 {0-1 Murashko,V-Kharlov,A/St
Petersburg 1998/EXT 99 (48)}) 9. dxc3 e5 $11 {Die Stellung hat einen
geschlossenen Charakter, deshalb steht das weiße Läuferpaar weniger aktiv.} 10.
Nd2 {Weiß möchte seine Springerstellung verbessern.} (10. Bg5 f6 11. Be3 $11)
10... Nf4 (10... Qf6) (10... d6) 11. Bf1 $6 {Meiner Meinung nach steht der
Läufer etwas unglücklich auf f1, er beraubt den Springer des Manövers f1-e3.} (
11. Nf1 {[%cal Gf1e3,Ge3f5,Ge3d5]} Nxd3 12. Qxd3 d6 $11) 11... a5 {[%cal Ga5a4]
Schwarz möchte mit 12...a4 am Damenflügel Raum gewinnen.} 12. a4 Ne6 (12... Qg5
13. Nf3 (13. Kh1 Qg6) 13... Nh3+ 14. Kh1 Nxf2+ 15. Kg1 Nh3+ $11 (15... Nxd1 $6
16. Nxg5 f6 17. Nf3 Nxb2 18. Bxb2 d6 $16)) 13. Bd3 Nf4 14. Bf1 (14. Nf1) 14...
d6 {Schwarz hat noch keine bessere, aber immerhin schon eine bequeme Stellung
erreicht und gibt sich daher nicht mit Zugwiederholung zufrieden.} 15. b3 $6 (
15. g3 Ne6 16. Bg2 Nd7 17. Nf1 $11 {[%cal Gf1e3,Ge3d5,Ge3f5]}) 15... Nd7 16.
Ra2 (16. g3 Ne6 17. Bg2 Ndc5 18. Nf1 f5 $15) 16... Nc5 {[%csl Yd3]} 17. Re3 Qd7
$15 {Die schwarzen Figuren harmonieren gut, er kann nun mit der typischen
Vorstoß f7-f5 fortsetzen. Weiß hingegen hat Probleme bei der Koordination
seiner Figuren.} 18. g3 Nh3+ 19. Bxh3 (19. Kg2 Ng5 $17 {[%cal Gf7f5]}) 19...
Qxh3 20. g4 {Dieser Zug schwächt einerseits die weiße Königsstellung,
andererseits verhindert er das sofortige f7-f5. Das Dilemma dabei ist nur,
dass Schwarz in der Folge trotzdem - nach g7-g6 - zu f7-f5 kommt, und dann
wird die weiße Königsstellung noch schwächer.} (20. b4 Ne6 $15) (20. Ba3 f5 21.
Bxc5 bxc5 $17) 20... Qh4 21. h3 (21. Qf3 Ne6 22. Qg3 Qxg3+ 23. hxg3 $15) 21...
g6 {[%cal Gf7f5]} 22. b4 (22. Ba3 Ne6) 22... Ne6 23. Nf3 Qe7 (23... Qxh3 $6 24.
Ng5 {[%csl Rh3]} Nxg5 (24... Qh6 25. Rh3 Qxg5 $1 (25... Qg7 26. Nxh7 $40) 26.
Bxg5 Nxg5 $13) 25. Rxh3 Nxh3+ 26. Kg2 Nf4+ 27. Bxf4 exf4 28. f3 $13) (23... Qh6
$5) 24. Nh2 Kh8 {[%cal Gg8g1] Der schwarze König befindet sich in Sicherheit
auf h8. In der Folge kann Schwarz f5 durchsetzen.} 25. Qe1 {Weiß möchte 26.Rg3
ziehen, doch zuvor muss er den Pe4 verteidigen.} f5 $40 {[%mdl 4] Dieser
typische Zug ist sehr stark. Die weiße Königsstellung ist schwach. Mit der
Partiefortsetzung startet Schwarz einen - dank der Unterstützung des Bb7 -
siegreichen Angriff.} 26. exf5 (26. f3 Nf4 $17 {[%csl Gf4]}) 26... gxf5 27.
gxf5 Rxf5 $17 {Schwarz hat nicht nur gefährlichen Angriff, sondern - dank
seiner viel besseren Bauernstruktur - auch deutlichen positionellen Vorteil.}
28. Rg3 Qd7 {[%cal Gd7a4] Schwarz muss nichts überstürzen - die Dame nimmt den
Pa4 ins Visier und bindet damit den weißen Turm an das Feld a2.} (28... Nf4 $40
) (28... Qh4 $40) 29. b5 {Dieser Zug ist praktisch erzwungen, doch jetzt
bekommt Schwarz das Feld c5 für seinen Springer.} Nf4 {[%mdl 2048]} (29... Nc5
{[%csl Gc5]}) 30. Ng4 $2 (30. Qf1 $17) (30. Bxf4 exf4 31. Rg4 h5 32. Rg6 Qf7 {
[%csl Rg6]} 33. Rh6+ Kg7 34. Qe6 Rg5+ $19) 30... Qe6 $6 {Dieser Zug ist
natürlich nicht schlecht - aber es gibt eine noch stärkere Fortsetzung.} (30...
Nxh3+ $1 31. Rxh3 Rh5 $1 $19) 31. Bxf4 Rxf4 {[%csl Rc4,Gf4,Rg1][%cal Gb7h1]
Schwarz hat eine ausgezeichnete Stellung - sein Angriff am Königsflügel ist
gefährlich, und der Pc4 ist schwach.} 32. Ne3 Raf8 33. Rd2 Rf3 $1 {Schwarz
möchte die beste Verteidigungsfigur von Weiß abtauschen. Nach dem Abtausch des
Turmes hängt der Ph3.} 34. Kh2 (34. Rxf3 Rxf3 $19) 34... Qf7 (34... Bc8 $1 35.
h4 Qf6 $19) 35. Kg1 (35. Nd5 Rxf2+ 36. Rxf2 Qxf2+ 37. Qxf2 Rxf2+ 38. Kg1 Rf7
$17) 35... Qf4 (35... Qh5) 36. c5 {Dieser Zug hilft natürlich nichts, aber
guter Rat war hier schon teuer.} bxc5 37. c4 Qe4 (37... Rxg3+ 38. fxg3 Qe4 39.
Kh2 Rf3) 38. Kh2 (38. Ng2 Qxc4 $19) 38... Rxg3 39. fxg3 Rf3 40. Ng2 Qxc4 $19 {
Schwarz hat zwei gesunde Mehrbauern und starken Angriff am Königsflügel.} 41.
b6 $5 {Mit diesem Zug versucht Weiß noch ein bisschen im Trüben zu fischen.}
Qf7 $1 (41... cxb6 $6 42. Rxd6 Qe4 43. Rd8+ Kg7 44. Qd2 $132) 42. bxc7 Qxc7 43.
Qd1 (43. Rf2 Rxf2 44. Qxf2 Kg7 $19) 43... Rf6 (43... Qg7 44. Qe1 d5 $19) 44.
Ne3 Qf7 45. Qe2 (45. Rxd6 Rxd6 46. Qxd6 Qf2+ $19) 45... c4 46. g4 (46. Nxc4 Rf1
$19) (46. Qxc4 Rf2+ $19) 46... c3 47. Rc2 Be4 48. Nf5 (48. Rxc3 Rf2+ $19) 48...
Bxf5 {Hier gewinnt fast jeder Zug. Weiß hätte sich die letzten Züge sparen
können...} (48... Bxc2 $19) 49. gxf5 Rxf5 50. Qe1 Rg5 (50... Rf1 51. Qxc3) 51.
Rf2 (51. Rxc3 Qa2+ $19) (51. Qxc3 Qf4+ 52. Kh1 Qf1+ $19) 51... Qc4 52. Rf8+ Kg7
53. Qf2 {Das ist die einzige weiße Drohung in der gesamten Partie: 54.Qf6 Matt.
} Rg6 54. Ra8 Qf4+ (54... c2 $4 55. Qf8#) 55. Qxf4 exf4 56. Rxa5 Kf6 {Das
Eingreifen des Königs gewinnt natürlich leicht, aber es gab auch einen
sofortigen Gewinn.} (56... f3 $1 57. Ra7+ Kh6 $19) (56... c2 57. Ra7+ Kf6 58.
Rc7 Ke5 59. Rxc2 d5 $19) 57. Ra6 Ke5 58. Rc6 Kd4 59. a5 f3 0-1